[Event "XXIII Coppa Autunno"]
[Site "Ivrea ITA"]
[Date "2012.09.22"]
[Round "1"]
[White "Puzzangara, Elisa"]
[Black "Castaldo, Antonio"]
[WhiteElo "1425"]
[BlackElo "1604"]
[Result "0-1"]
[PlyCount "88"]
[EventDate "2012.09.27"]

1. e4 d6 2. d4 Nf6 3. Nc3 g6 4. Nf3 Bg7 5. Bg5 O-O 6. Bb5 Bd7 7. Bc4 c6 8. O-O
Bg4 9. h3 Bxf3 10. Qxf3 Nbd7 11. Rfe1 h6 12. Bh4 e5 13. Rad1 g5 14. Bg3 Qe7 15.
b3 Nb6 16. Bd3 Rad8 17. dxe5 dxe5 18. Qf5 Nh5 19. Re3 Rd7 20. Qg4 Nf4 21. Bxf4
exf4 22. Ree1 Bxc3 23. Re2 Rfd8 24. Qf5 Be5 25. c3 Qe6 26. Qxe6 fxe6 27. c4
Rxd3 28. Rxd3 Rxd3 29. Re1 Nd7 30. Rb1 Bd4 31. Rc1 e5 32. Rf1 Rd2 33. Kh2 Rxf2
34. Rd1 Rxa2 35. Rc1 f3 36. Kg3 fxg2 37. Kg4 g1=Q+ 38. Rxg1 Bxg1 39. Kf5 Kf7
40. Kg4 Kg6 41. Kf3 Nf6 42. Kg3 Rf2 43. b4 Nxe4+ 44. Kg4 h5# 0-1

[Event "XXIII Coppa Autunno"]
[Site "Ivrea ITA"]
[Date "2012.10.04"]
[Round "2"]
[White "Agostino, Pietro"]
[Black "Listello, Massimiliano"]
[WhiteElo "1521"]
[BlackElo "1715"]
[Result "0-1"]
[PlyCount "116"]
[EventDate "2012.09.27"]

1. e4 c5 2. Nf3 Nc6 3. d3 g6 4. c3 Bg7 5. Nbd2 e5 6. Nc4 d6 7. h3 Nge7 8. Be2
b5 9. Ne3 a6 10. Ng5 h6 11. Nf3 O-O 12. Bd2 f5 13. exf5 Nxf5 14. Qc1 Kh7 15.
Qc2 Be6 16. a3 a5 17. b3 a4 18. b4 cxb4 19. cxb4 Ncd4 20. Nxd4 Nxd4 21. Qd1 Bb3
22. Qb1 Rc8 23. Bd1 Qf6 24. O-O h5 25. Bxb3 Nxb3 26. Ra2 Qf7 27. Nd1 Qc7 28.
Nc3 Nxd2 29. Nxb5 Nxb1 30. Nxc7 Rxc7 31. Rxb1 Rc3 32. b5 Rxd3 33. b6 Rb8 34. b7
Rb3 35. Rd1 Bf8 36. Rd5 R8xb7 37. Ra5 R3b5 38. Rxa4 d5 39. Ra8 Kg7 40. a4 R5b6
41. a5 Rb1+ 42. Kh2 Bc5 43. a6 Rb8 44. Rxb8 Rxb8 45. Kg3 Kf6 46. Ra5 Bd6 47.
Rxd5 Ke6 48. Ra5 g5 49. Kf3 Bb4 50. a7 Ra8 51. Ra4 Bc5 52. g3 Rxa7 53. Rxa7
Bxa7 54. Ke2 Kf5 55. f3 h4 56. gxh4 gxh4 57. Kf1 Kf4 58. Kg2 Bb6 0-1

[Event "XXIII Coppa Autunno"]
[Site "Ivrea ITA"]
[Date "2012.10.04"]
[Round "2"]
[White "Bellafiore, Enzo"]
[Black "Chiarotto, Filippo"]
[WhiteElo "1768"]
[BlackElo "2078"]
[Result "0-1"]
[PlyCount "80"]
[EventDate "2012.09.27"]

1. c4 Nf6 2. Nc3 e6 3. e4 Nc6 4. Nf3 Bb4 5. d3 e5 6. g3 d6 7. Bg2 O-O 8. O-O a6
9. Bg5 h6 10. Bxf6 Qxf6 11. Nd5 Qd8 12. Nxb4 Nxb4 13. a3 Nc6 14. b4 Bg4 15. Qd2
f5 16. exf5 Bxf3 17. Bxf3 Nd4 18. Qd1 c6 19. Bg2 Rxf5 20. Be4 Rf8 21. Rb1 Qg5
22. h4 Qf6 23. f4 exf4 24. Rxf4 Qe5 25. Rxf8+ Rxf8 26. Qg4 h5 27. Qg6 Rf6 28.
Qh7+ Kf7 29. Kg2 Ne2 30. Bg6+ Rxg6 31. Rf1+ Rf6 32. Rxf6+ Kxf6 33. Kf2 Nxg3 34.
Qg8 Nf5 35. a4 Qe3+ 36. Kf1 Qxd3+ 37. Ke1 Qg3+ 38. Kd1 Qxh4 39. Qd8+ Ke5 40.
Qxh4 Nxh4 0-1

[Event "XXIII Coppa Autunno"]
[Site "Ivrea ITA"]
[Date "2012.10.03"]
[Round "2"]
[White "Bogatto, Mario"]
[Black "Bozza, Alberto"]
[WhiteElo "1438"]
[BlackElo "1568"]
[Result "1/2-1/2"]
[PlyCount "53"]
[EventDate "2012.09.27"]

1. e4 e5 2. Nf3 f5 3. Nc3 Nf6 4. d3 fxe4 5. dxe4 Be7 6. Bd3 Nc6 7. O-O O-O 8.
h3 Kh8 9. a3 d6 10. Re1 Bd7 11. Be3 Qc8 12. Be2 Bxh3 13. gxh3 Qxh3 14. Nh2 Qh4
15. Kh1 Nxe4 16. Nxe4 Qxe4+ 17. Kg1 Qg6+ 18. Kh1 Bg5 19. Rg1 h6 20. Nf3 Qh5+
21. Nh2 Qg6 22. Rg2 Qf6 23. Bxg5 hxg5 24. Ng4 Qe6 25. Rh2+ Kg8 26. Qd3 Qf5 27.
Qh3 1/2-1/2

[Event "XXIII Coppa Autunno"]
[Site "Ivrea ITA"]
[Date "2012.10.04"]
[Round "2"]
[White "Ranieri, Fabrizio"]
[Black "Giachino, Adriano"]
[WhiteElo "2287"]
[BlackElo "1624"]
[Result "1-0"]
[PlyCount "51"]
[EventDate "2012.09.27"]

1. e4 c5 2. Nf3 d6 3. d4 cxd4 4. Nxd4 g6 5. Nc3 Bg7 6. Bg5 a6 7. Bc4 Nf6 8. O-O
O-O 9. Re1 b5 10. Bb3 Bb7 11. Nd5 Nbd7 12. c3 Rc8 13. Kh1 Nxd5 14. Bxd5 Bxd5
15. exd5 Rc5 16. Bxe7 Qc8 17. Bxf8 Nxf8 18. Nc6 Bf6 19. a4 Qb7 20. Qf3 Kg7 21.
a5 Nd7 22. Rad1 Ne5 23. Qg3 Qc7 24. Nxe5 dxe5 25. Rd3 Qxa5 26. b4 1-0

[Event "XXIII Coppa Autunno"]
[Site "Ivrea ITA"]
[Date "2012.10.13"]
[Round "3"]
[White "Bozza, Alberto"]
[Black "Pane, Gabriele"]
[WhiteElo "1568"]
[BlackElo "1587"]
[Result "0-1"]
[PlyCount "80"]
[EventDate "2012.09.27"]

1. c4 e6 2. g3 Nf6 3. Nc3 Bb4 4. Bg2 Bxc3 5. dxc3 O-O 6. Nf3 h6 7. O-O d6 8.
Qb3 Nbd7 9. Rd1 Re8 10. Qc2 e5 11. Nh4 Nf8 12. c5 d5 13. Bxd5 Nxd5 14. e4 c6
15. exd5 cxd5 16. Qb3 d4 17. cxd4 exd4 18. Nf3 Ne6 19. Qc4 Qf6 20. Nxd4 Nxd4
21. Rxd4 Bh3 22. Bf4 g5 23. Rd6 Re6 24. Rxe6 fxe6 25. c6 bxc6 26. Qxc6 Rf8 27.
Be3 Qxb2 28. Rc1 Qxa2 29. Qb7 a5 30. Bd4 e5 31. Be3 Qe6 32. Rc6 Rd8 33. Rc1 Qf5
34. Qb3+ Kg7 35. Qb6 Rf8 36. Bc5 Rf7 37. Qxa5 Qf3 38. Bf8+ Kh7 39. Qd5 Qxd5 40.
Bxh6 Qg2# 0-1

[Event "XXIII Coppa Autunno"]
[Site "Ivrea ITA"]
[Date "2012.10.11"]
[Round "3"]
[White "Chiarotto, Filippo"]
[Black "Razzano, Lorenzo"]
[WhiteElo "2078"]
[BlackElo "1961"]
[Result "0-1"]
[PlyCount "50"]
[EventDate "2012.09.27"]

1. e4 e5 2. Nf3 Nc6 3. Bc4 Nf6 4. Qe2 Be7 5. c3 O-O 6. O-O d6 7. h3 Na5 8. Bb5
a6 9. Ba4 b5 10. Bc2 c5 11. d4 Qc7 12. Bg5 Re8 13. d5 c4 14. Nbd2 Bd7 15. Nh2
Nb7 16. f4 exf4 17. Rxf4 Nxd5 18. exd5 Bxg5 19. Re4 Qc5+ 20. Kh1 Qxd5 21. Ndf3
Nc5 22. Re1 Nxe4 23. Qxe4 Rxe4 24. Bxe4 Qxe4 25. Rxe4 Bc1 0-1

[Event "XXIII Coppa Autunno"]
[Site "Ivrea ITA"]
[Date "2012.10.11"]
[Round "3"]
[White "Listello, Massimiliano"]
[Black "Castaldo, Antonio"]
[WhiteElo "1715"]
[BlackElo "1604"]
[Result "1-0"]
[PlyCount "113"]
[EventDate "2012.09.27"]

1. d4 Nf6 2. Bg5 g6 3. Bxf6 exf6 4. e3 Bg7 5. Ne2 O-O 6. g3 d6 7. Bg2 f5 8. O-O
Nc6 9. c4 Bd7 10. Nbc3 Qc8 11. a3 a6 12. b4 Ne7 13. Rb1 Rb8 14. Qd3 Bc6 15. d5
Bd7 16. Rfc1 Qd8 17. Rd1 b5 18. cxb5 axb5 19. Nd4 Bxd4 20. Qxd4 Ra8 21. Rb3 f6
22. Bf1 Qe8 23. Nb1 g5 24. Rc3 Rc8 25. Rdc1 Qd8 26. Qa7 Nxd5 27. R3c2 c6 28.
Bg2 Ne7 29. Qd4 d5 30. Nd2 Ng6 31. f4 h6 32. Nb3 Ne7 33. Na5 Rc7 34. Qc5 Rf7
35. Rd2 Qa8 36. Bxd5 Nxd5 37. Rxd5 Be6 38. Rd6 Bd5 39. Rc3 Qe8 40. Nxc6 Bc4 41.
Rd8 Qxd8 42. Nxd8 Rxc5 43. Nxf7 Rd5 44. Nxh6+ Kg7 45. Nxf5+ Rxf5 46. e4 Rxf4
47. gxf4 gxf4 48. Rf3 Kg6 49. Rxf4 Kg5 50. Rf5+ Kg6 51. Kf2 Bd3 52. Ke3 Bc4 53.
Rc5 Bf1 54. h4 Kh6 55. Rc6 Kg6 56. Kf4 Bd3 57. e5 1-0

[Event "XXIII Coppa Autunno"]
[Site "Ivrea ITA"]
[Date "2012.10.11"]
[Round "3"]
[White "Paonessa, Denis"]
[Black "Ranieri, Fabrizio"]
[WhiteElo "1845"]
[BlackElo "2287"]
[Result "0-1"]
[PlyCount "80"]
[EventDate "2012.09.27"]

1. e4 e6 2. d4 d5 3. Nd2 Nf6 4. e5 Nfd7 5. Bd3 c5 6. c3 Nc6 7. Ne2 cxd4 8. cxd4
f6 9. Nf4 Nxd4 10. Qh5+ Ke7 11. exf6+ Nxf6 12. Ng6+ hxg6 13. Qxh8 Kf7 14. O-O
e5 15. Nb3 Nxb3 16. axb3 Bf5 17. Bxf5 gxf5 18. Bg5 Bc5 19. Qh3 Ke6 20. Rac1 Bb6
21. Bxf6 Qxf6 22. Rc3 g5 23. Qh7 Qf7 24. Qh6+ Qf6 25. Qh7 Qe7 26. Qh6+ Qf6 27.
Rh3 g4 28. Qxf6+ Kxf6 29. Rh6+ Kg5 30. Re6 e4 31. Rc1 Rd8 32. Re7 f4 33. g3 f3
34. Rxb7 e3 35. Rc6 e2 36. h4+ Kf5 37. Rf7+ Ke5 38. Re7+ Kf5 39. Rf7+ Ke4 40.
Rf4+ Kd3 0-1

[Event "XXIII Coppa Autunno"]
[Site "Ivrea ITA"]
[Date "2012.10.11"]
[Round "3"]
[White "Puzzangara, Elisa"]
[Black "Bogatto, Mario"]
[WhiteElo "1425"]
[BlackElo "1438"]
[Result "0-1"]
[PlyCount "94"]
[EventDate "2012.09.27"]

1. e4 c5 2. Nc3 e6 3. Nf3 a6 4. Bc4 d6 5. d3 Be7 6. O-O Nc6 7. Bf4 b5 8. Bb3 b4
9. Nb1 Bd7 10. Re1 e5 11. Bg3 Nf6 12. h3 Na5 13. Qc1 Nxb3 14. axb3 a5 15. Qg5
O-O 16. Nh4 Nxe4 17. Qh5 Nxg3 18. fxg3 g6 19. Qh6 Bg5 20. Qxg5 Qxg5 21. Kh2 f5
22. Rf1 f4 23. Rf3 fxg3+ 24. Rxg3 Qxh4 25. Nd2 Qe7 26. Re1 Rf5 27. c3 Rg5 28.
Ne4 Rxg3 29. Nxg3 Kg7 30. d4 bxc3 31. bxc3 cxd4 32. cxd4 Rb8 33. Re3 Rf8 34.
Re2 Qf6 35. Rc2 exd4 36. Rd2 Rb8 37. Rb2 d3 38. Rb1 Qe5 39. Rf1 Rxb3 40. Rf3
Bc6 41. Rf2 Rb2 42. Rf1 Rxg2+ 43. Kh1 Rxg3+ 44. Kh2 Rf3+ 45. Kg1 Qg3+ 46. Kh1
Qxh3+ 47. Kg1 Rxf1# 0-1

[Event "XXIII Coppa Autunno"]
[Site "Ivrea ITA"]
[Date "2012.10.11"]
[Round "3"]
[White "Trovero, Leo"]
[Black "Gennaro, Isabella"]
[WhiteElo "1596"]
[BlackElo "1651"]
[Result "1/2-1/2"]
[PlyCount "73"]
[EventDate "2012.09.27"]

1. e4 c5 2. Nf3 Nc6 3. d4 cxd4 4. Nxd4 Nf6 5. Nc3 e5 6. Ndb5 d6 7. Bg5 a6 8.
Na3 b5 9. Nd5 Be7 10. Bxf6 Bxf6 11. c4 b4 12. Nc2 a5 13. Be2 O-O 14. Bg4 Bg5
15. Bxc8 Rxc8 16. Qd3 Ne7 17. Rd1 Nxd5 18. Qxd5 Rc5 19. Qd3 f5 20. h4 fxe4 21.
Qxe4 Rf4 22. Qd3 Rxh4 23. Rxh4 Bxh4 24. Qxd6 Qxd6 25. Rxd6 Rxc4 26. Ne3 Rc5 27.
Rd5 Rxd5 28. Nxd5 Kf7 29. b3 Bd8 30. Ne3 Ke6 31. f3 h5 32. Ke2 g5 33. Kd3 Bb6
34. Nc4 Bc7 35. Ke4 h4 36. Ne3 Bb6 37. Nc4 1/2-1/2

[Event "XXIII Coppa Autunno"]
[Site "Ivrea ITA"]
[Date "2012.10.18"]
[Round "4"]
[White "Bellafiore, Enzo"]
[Black "Puzzangara, Elisa"]
[WhiteElo "1768"]
[BlackElo "1425"]
[Result "1-0"]
[PlyCount "61"]
[EventDate "2012.09.27"]

1. c4 e5 2. Nc3 Nf6 3. Nf3 Nc6 4. d3 Bb4 5. Bg5 O-O 6. g3 Re8 7. e4 d6 8. Bg2
Bg4 9. O-O Nd4 10. a3 Bc5 11. b4 Bb6 12. h3 Bh5 13. g4 Bg6 14. Nd5 h6 15. Nxf6+
gxf6 16. Bxh6 Nxf3+ 17. Bxf3 Bd4 18. Ra2 c5 19. Bg2 cxb4 20. axb4 Qb6 21. Qf3
Re6 22. b5 Rc8 23. h4 Ra8 24. Bh3 Qd8 25. g5 Re8 26. gxf6 Qb6 27. h5 Bh7 28.
Qg4+ Bg6 29. hxg6 fxg6 30. Qxg6+ Kh8 31. Qg7# 1-0

[Event "XXIII Coppa Autunno"]
[Site "Ivrea ITA"]
[Date "2012.10.13"]
[Round "4"]
[White "Bogatto, Mario"]
[Black "Trovero, Leo"]
[WhiteElo "1438"]
[BlackElo "1596"]
[Result "0-1"]
[PlyCount "106"]
[EventDate "2012.09.27"]

1. c4 Nf6 2. Nf3 d6 3. Nc3 g6 4. d4 Bg7 5. e3 O-O 6. Be2 Nbd7 7. O-O e5 8. d5
Ne8 9. e4 f5 10. Bg5 Ndf6 11. exf5 gxf5 12. Nd2 Qd7 13. Bxf6 Nxf6 14. Qa4 Qf7
15. Qd1 f4 16. f3 Qg6 17. Qe1 Kh8 18. Nce4 Rg8 19. Kh1 Bh6 20. Qf2 Nxe4 21.
Nxe4 Bf5 22. Bd3 Bg5 23. Rad1 Bh4 24. Qg1 Rg7 25. Rd2 Rag8 26. Nf2 Bxf2 27.
Rfxf2 Bxd3 28. Qc1 e4 29. fxe4 Qxe4 30. Rf3 Qxc4 31. Qxc4 Bxc4 32. Rxf4 Bxa2
33. Rf5 Rg5 34. Rf7 Rxd5 35. Rxd5 Bxd5 36. Rf2 Kg7 37. Kg1 Rf8 38. Rd2 Bc6 39.
g3 Rf3 40. Rd4 Rb3 41. Rg4+ Kf6 42. Rf4+ Ke5 43. Rf7 Rxb2 44. Rxh7 b5 45. Rxc7
Kd5 46. Rxa7 b4 47. Ra5+ Kc4 48. Ra6 Kb5 49. Ra7 b3 50. Re7 Rb1+ 51. Kf2 b2 52.
Re2 Rf1+ 53. Ke3 b1=Q 0-1

[Event "XXIII Coppa Autunno"]
[Site "Ivrea ITA"]
[Date "2012.10.18"]
[Round "4"]
[White "Gennaro, Isabella"]
[Black "Papalini, Claudio"]
[WhiteElo "1651"]
[BlackElo "1608"]
[Result "1-0"]
[PlyCount "57"]
[EventDate "2012.09.27"]

1. e4 e6 2. d4 d5 3. Nd2 dxe4 4. Nxe4 Bd7 5. Nf3 Bc6 6. Bd3 Nd7 7. O-O Ngf6 8.
Re1 Bxe4 9. Bxe4 Nxe4 10. Rxe4 Be7 11. Bf4 c6 12. c3 O-O 13. Qd2 Nf6 14. Re2
Nd5 15. Rae1 Nxf4 16. Qxf4 Bd6 17. Qg4 Qf6 18. Ng5 Qf4 19. Qh5 h6 20. Ne4 Be7
21. g3 Qc7 22. f4 Rfe8 23. g4 Rad8 24. g5 Rd5 25. c4 Rf5 26. Ng3 Qxf4 27. Nxf5
Qxg5+ 28. Qxg5 Bxg5 29. Nd6 1-0

[Event "XXIII Coppa Autunno"]
[Site "Ivrea ITA"]
[Date "2012.10.18"]
[Round "4"]
[White "Giachino, Adriano"]
[Black "Chiarotto, Filippo"]
[WhiteElo "1624"]
[BlackElo "2078"]
[Result "0-1"]
[PlyCount "62"]
[EventDate "2012.09.27"]

1. e4 c5 2. d4 cxd4 3. c3 dxc3 4. Nxc3 Nc6 5. Nf3 d6 6. Bc4 Nf6 7. Bg5 h6 8.
Bxf6 gxf6 9. O-O a6 10. Re1 b5 11. Bb3 e6 12. Rc1 Na5 13. Bc2 Bb7 14. b3 Rc8
15. Re3 h5 16. Rd3 b4 17. Ne2 Bxe4 18. Re3 Bxc2 19. Rxc2 Rxc2 20. Qxc2 Qd7 21.
Qf5 Nc6 22. Qxf6 Rh6 23. Qf5 Be7 24. Qd3 Qb7 25. Qe4 d5 26. Qf4 Rg6 27. Ne5 Bd6
28. Nxg6 Bxf4 29. Ngxf4 h4 30. Nd3 Ne7 31. Nd4 Qb6 0-1

[Event "XXIII Coppa Autunno"]
[Site "Ivrea ITA"]
[Date "2012.10.18"]
[Round "4"]
[White "Ranieri, Fabrizio"]
[Black "Bosticardo, Tommaso"]
[WhiteElo "2287"]
[BlackElo "1823"]
[Result "1-0"]
[PlyCount "41"]
[EventDate "2012.09.27"]

1. e4 e5 2. Nf3 Nc6 3. d4 exd4 4. Nxd4 Nf6 5. Nxc6 bxc6 6. e5 Qe7 7. Qe2 Nd5 8.
c4 Ba6 9. b3 O-O-O 10. Bb2 f6 11. Nd2 fxe5 12. O-O-O Re8 13. g3 Nb6 14. Qe3 Kb8
15. Bg2 d5 16. Rhe1 dxc4 17. Bxc6 Rd8 18. Nxc4 Bxc4 19. bxc4 Rd6 20. Bg2 Nxc4
21. Qe4 1-0

[Event "XXIII Coppa Autunno"]
[Site "Ivrea ITA"]
[Date "2012.10.16"]
[Round "4"]
[White "Razzano, Lorenzo"]
[Black "Paonessa, Denis"]
[WhiteElo "1961"]
[BlackElo "1845"]
[Result "1/2-1/2"]
[PlyCount "123"]
[EventDate "2012.09.27"]

1. g3 Nf6 2. Bg2 g6 3. d3 Bg7 4. Nc3 c5 5. e4 d6 6. f4 Nc6 7. Nf3 Bg4 8. O-O
O-O 9. h3 Bxf3 10. Qxf3 Nd4 11. Qd1 Rb8 12. Ne2 Nxe2+ 13. Qxe2 b5 14. Kh2 Qc7
15. Bd2 a5 16. a4 b4 17. b3 Nd7 18. Rae1 e5 19. f5 Rbd8 20. Qf3 f6 21. h4 Nb8
22. Qg4 Qf7 23. Bh3 Nc6 24. Be3 Nd4 25. Bxd4 cxd4 26. fxg6 hxg6 27. Qe6 Rfe8
28. Qxf7+ Kxf7 29. g4 Rc8 30. Re2 Rc3 31. g5 Ke7 32. Kg3 d5 33. gxf6+ Bxf6 34.
exd5 Rf8 35. Rff2 Kd6 36. Be6 Rc7 37. Re4 Rh7 38. Rh2 Bg7 39. Rg4 Rf6 40. Rf2
Ke7 41. Re2 Kd6 42. Rg5 Bh6 43. Rg4 Bf4+ 44. Kg2 g5 45. Rf2 Ke7 46. Rf3 gxh4
47. Rg8 Rf8 48. Rxf8 Kxf8 49. d6 Rh6 50. d7 Ke7 51. Bh3 Rc6 52. Rf2 Rg6+ 53.
Kf1 Rg3 54. Be6 h3 55. Bd5 Kxd7 56. Rf3 Rg2 57. Rxh3 Rxc2 58. Rh7+ Kd6 59. Bc4
Bg5 60. Ra7 Bd8 61. Ra6+ Kd7 62. Bb5+ 1/2-1/2

[Event "XXIII Coppa Autunno"]
[Site "Ivrea ITA"]
[Date "2012.10.23"]
[Round "5"]
[White "Agostino, Pietro"]
[Black "Bogatto, Mario"]
[WhiteElo "1521"]
[BlackElo "1438"]
[Result "0-1"]
[PlyCount "68"]
[EventDate "2012.09.27"]

1. e4 e5 2. Nf3 Nc6 3. Nc3 Nf6 4. a3 a6 5. Bc4 Be7 6. O-O O-O 7. d3 d6 8. h3
Be6 9. Bxe6 fxe6 10. Be3 d5 11. exd5 exd5 12. d4 e4 13. Ne5 Bd6 14. Ng4 Be7 15.
Re1 Nxg4 16. Qxg4 Bf6 17. Qe6+ Kh8 18. Nxd5 Nxd4 19. Bxd4 Bxd4 20. c3 Bxf2+ 21.
Kh1 Bxe1 22. Rxe1 Re8 23. Qf5 c6 24. Ne3 Qf6 25. Qg4 Qg6 26. Qxg6 hxg6 27. Nc4
Re6 28. Kg1 Rae8 29. Kf2 b5 30. Nb6 e3+ 31. Kf3 e2 32. Nd7 Re3+ 33. Kf2 R3e7
34. Nc5 Rf8+ 0-1

[Event "XXIII Coppa Autunno"]
[Site "Ivrea ITA"]
[Date "2012.10.25"]
[Round "5"]
[White "Bosticardo, Tommaso"]
[Black "Listello, Massimiliano"]
[WhiteElo "1823"]
[BlackElo "1715"]
[Result "1-0"]
[PlyCount "91"]
[EventDate "2012.09.27"]

1. d4 Nf6 2. c4 e6 3. Nc3 Bb4 4. e3 b6 5. Nge2 Ba6 6. a3 Bxc3+ 7. Nxc3 d5 8. b3
Nc6 9. Bd3 Na5 10. cxd5 Bxd3 11. Qxd3 exd5 12. O-O O-O 13. Rb1 Re8 14. Rd1 Nb7
15. b4 Nd6 16. f3 a6 17. Re1 c6 18. e4 Nb5 19. Nxb5 axb5 20. Bg5 h6 21. Bxf6
gxf6 22. e5 fxe5 23. dxe5 Qg5 24. Qc3 Re6 25. Rbd1 Qh4 26. Rd4 Rxa3 27. Qd2 Qe7
28. f4 Ra4 29. Qc3 f5 30. Qb3 Qh4 31. Qb1 Qh5 32. Re3 Ra7 33. Kh1 Rg7 34. Qa2
Qf7 35. Qa8+ Kh7 36. Ra3 Qb7 37. Qf8 Rg8 38. Qxf5+ Reg6 39. Rg3 Qg7 40. Qc2 Qf7
41. Rxg6 Qxg6 42. f5 Qe8 43. e6 Kg7 44. Rf4 Kf8 45. Qe2 Qe7 46. Qe5 1-0

[Event "XXIII Coppa Autunno"]
[Site "Ivrea ITA"]
[Date "2012.10.27"]
[Round "5"]
[White "Chiarotto, Filippo"]
[Black "Gennaro, Isabella"]
[WhiteElo "2078"]
[BlackElo "1651"]
[Result "1-0"]
[PlyCount "63"]
[EventDate "2012.09.27"]

1. e4 c5 2. Nf3 Nc6 3. Bb5 e6 4. O-O Nge7 5. Re1 a6 6. Bf1 g6 7. c3 d5 8. e5
Bg7 9. d4 Qb6 10. dxc5 Qxc5 11. Nbd2 O-O 12. Nb3 Qb6 13. Bf4 Rd8 14. Qd2 Qc7
15. Nbd4 b5 16. Bg5 Rd7 17. Bf6 Bb7 18. Bxg7 Kxg7 19. Qg5 Ng8 20. Bd3 Qd8 21.
Qg3 Nh6 22. h4 Nxd4 23. Nxd4 Qe7 24. h5 Rh8 25. f4 b4 26. f5 exf5 27. e6 Qd6
28. Qh4 Re7 29. exf7 Rxe1+ 30. Rxe1 Nxf7 31. Ne6+ Kg8 32. Qf6 1-0

[Event "XXIII Coppa Autunno"]
[Site "Ivrea ITA"]
[Date "2012.10.25"]
[Round "5"]
[White "Pane, Gabriele"]
[Black "Bellafiore, Enzo"]
[WhiteElo "1587"]
[BlackElo "1768"]
[Result "1/2-1/2"]
[PlyCount "89"]
[EventDate "2012.09.27"]

1. d4 d5 2. c4 e5 3. dxe5 d4 4. Nf3 Nc6 5. g3 Nge7 6. Bg2 Ng6 7. Qb3 Ngxe5 8.
Nxe5 Nxe5 9. O-O c6 10. Nd2 Bc5 11. Nf3 Nxf3+ 12. Qxf3 O-O 13. Rd1 Qf6 14. Qd3
Bf5 15. Be4 Bxe4 16. Qxe4 Rfe8 17. Qd3 Rad8 18. b3 Bb4 19. Bb2 c5 20. a3 Bc3
21. Bxc3 dxc3 22. Qc2 Rd2 23. Rxd2 cxd2 24. Rf1 Rxe2 25. Qd3 Qe7 26. Kg2 Qe4+
27. Qxe4 Rxe4 28. Rd1 Rd4 29. Kf1 Rd3 30. Ke2 Rxb3 31. Rxd2 g6 32. Rd3 Rxd3 33.
Kxd3 f5 34. f4 Kf7 35. Kc3 Kf6 36. h4 h6 37. Kb3 a6 38. Ka4 b6 39. Kb3 h5 40.
a4 Ke6 41. a5 Kd6 42. axb6 Kc6 43. b7 Kxb7 44. Ka4 Kb6 45. Kb3 1/2-1/2

[Event "XXIII Coppa Autunno"]
[Site "Ivrea ITA"]
[Date "2012.10.25"]
[Round "5"]
[White "Paonessa, Denis"]
[Black "Trovero, Leo"]
[WhiteElo "1845"]
[BlackElo "1596"]
[Result "1-0"]
[PlyCount "57"]
[EventDate "2012.09.27"]

1. e4 c5 2. Nf3 d6 3. d4 cxd4 4. Nxd4 Nf6 5. Nc3 g6 6. Be3 Bg7 7. f3 Nc6 8. Qd2
Bd7 9. g4 Rc8 10. O-O-O Ne5 11. h4 Nc4 12. Bxc4 Rxc4 13. h5 Qa5 14. Nb3 Qc7 15.
hxg6 fxg6 16. g5 Nh5 17. Nd5 Qc6 18. Kb1 b6 19. Nd4 Bxd4 20. Bxd4 Rf8 21. Rhf1
e5 22. Be3 Bh3 23. Rf2 Kd7 24. b3 Qb5 25. a4 Rxa4 26. Nf6+ Nxf6 27. Qxd6+ Kc8
28. Qxf8+ Ne8 29. Rfd2 1-0

[Event "XXIII Coppa Autunno"]
[Site "Ivrea ITA"]
[Date "2012.10.25"]
[Round "5"]
[White "Razzano, Lorenzo"]
[Black "Ranieri, Fabrizio"]
[WhiteElo "1961"]
[BlackElo "2287"]
[Result "0-1"]
[PlyCount "82"]
[EventDate "2012.09.27"]

1. e4 e6 2. Nf3 d5 3. Nc3 d4 4. Ne2 c5 5. Ng3 Nf6 6. Bc4 Be7 7. d3 O-O 8. O-O
Nc6 9. a3 a6 10. Bf4 b5 11. Ba2 a5 12. Qe2 a4 13. Ne5 Nxe5 14. Bxe5 Nd7 15. Bf4
b4 16. Bd2 Qb6 17. axb4 cxb4 18. f4 Ba6 19. Rac1 Nc5 20. f5 e5 21. Bd5 Ra7 22.
Nh5 Kh8 23. Qg4 Bf6 24. Nxf6 Qxf6 25. Bg5 Qd6 26. f6 g6 27. Bh6 Re8 28. Bg7+
Kg8 29. h4 Bc8 30. Qg3 Be6 31. h5 Bxd5 32. hxg6 fxg6 33. exd5 Qxd5 34. Rce1 Rf7
35. Rf4 Ne6 36. Rfe4 Nxg7 37. Rxe5 Rxe5 38. Rxe5 Qd6 39. fxg7 Re7 40. Rg5 Qxg3
41. Rxg3 a3 0-1

[Event "XXIII Coppa Autunno"]
[Site "Ivrea ITA"]
[Date "2012.10.27"]
[Round "5"]
[White "Tricerri, Pierino"]
[Black "Giachino, Adriano"]
[WhiteElo "1496"]
[BlackElo "1624"]
[Result "1-0"]
[PlyCount "73"]
[EventDate "2012.09.27"]

1. d4 d5 2. c4 c6 3. Nc3 g6 4. cxd5 cxd5 5. e4 Bg7 6. Be3 Nf6 7. Qd2 h5 8. Nf3
dxe4 9. Ng5 Bf5 10. Bc4 e6 11. O-O O-O 12. f3 exf3 13. Nxf3 Nc6 14. Bh6 Qc7 15.
Bxg7 Kxg7 16. Ne2 Rad8 17. Ng3 Bg4 18. Qf2 Nh7 19. Ne2 Rfe8 20. Bb5 Rd5 21.
Bxc6 bxc6 22. Ne5 Bf5 23. Nf4 Rb5 24. Qg3 Rxb2 25. Nxh5+ Kh8 26. Nf4 Rg8 27.
Rac1 Qb6 28. Nxf7+ Kg7 29. Nd6 Qxd4+ 30. Kh1 Nf6 31. Nxf5+ exf5 32. Ne6+ Kf7
33. Nxd4 Rd8 34. Qc7+ Rd7 35. Qe5 Re7 36. Qg3 Ng4 37. Qxg4 1-0

[Event "XXIII Coppa Autunno"]
[Site "Ivrea ITA"]
[Date "2012.11.08"]
[Round "6"]
[White "Bellafiore, Enzo"]
[Black "Gennaro, Isabella"]
[WhiteElo "1768"]
[BlackElo "1651"]
[Result "1-0"]
[PlyCount "37"]
[EventDate "2012.09.27"]

1. c4 e5 2. Nc3 Nf6 3. g3 c6 4. Bg2 Bb4 5. Nf3 Bxc3 6. dxc3 Qe7 7. Bg5 O-O 8.
Nd2 Rd8 9. Ne4 d5 10. cxd5 cxd5 11. Nxf6+ gxf6 12. Bh6 d4 13. Qc2 Bg4 14. Be4
dxc3 15. bxc3 Nc6 16. Bxh7+ Kh8 17. Bf5 Bxf5 18. Qxf5 Rac8 19. Qh5 1-0

[Event "XXIII Coppa Autunno"]
[Site "Ivrea ITA"]
[Date "2012.11.08"]
[Round "6"]
[White "Bogatto, Mario"]
[Black "Pane, Gabriele"]
[WhiteElo "1438"]
[BlackElo "1587"]
[Result "0-1"]
[PlyCount "84"]
[EventDate "2012.09.27"]

1. e4 e6 2. d4 d5 3. e5 c5 4. Nf3 cxd4 5. Nxd4 Nc6 6. Nxc6 bxc6 7. Bd3 Qb6 8.
Qe2 a5 9. Nd2 Ba6 10. Bxa6 Qxa6 11. Qxa6 Rxa6 12. O-O Nh6 13. h3 Nf5 14. Nf3
Bc5 15. c3 O-O 16. Be3 Nxe3 17. fxe3 Bxe3+ 18. Kh1 Rb8 19. Rfe1 Bc5 20. Re2
Rab6 21. b3 Be7 22. Rd1 c5 23. Rdd2 h6 24. g4 Ra8 25. Kg2 a4 26. bxa4 g6 27.
Kg3 Rxa4 28. h4 Ra3 29. Rc2 Kg7 30. g5 hxg5 31. hxg5 d4 32. cxd4 cxd4 33. Red2
Bxg5 34. Rd1 Be3 35. Kg2 d3 36. Rc4 Rb2+ 37. Kh3 Rbxa2 38. Re4 Bh6 39. Rd4 d2
40. Kg2 Ra1 41. Rf1 R3a2 42. Kg3 Rxf1 0-1

[Event "XXIII Coppa Autunno"]
[Site "Ivrea ITA"]
[Date "2012.11.08"]
[Round "6"]
[White "Bosticardo, Tommaso"]
[Black "Razzano, Lorenzo"]
[WhiteElo "1823"]
[BlackElo "1961"]
[Result "1/2-1/2"]
[PlyCount "78"]
[EventDate "2012.09.27"]

1. d4 Nf6 2. c4 c5 3. d5 b5 4. cxb5 a6 5. bxa6 Bxa6 6. Nc3 g6 7. e4 Bxf1 8.
Kxf1 d6 9. Nf3 Bg7 10. g3 Nbd7 11. Kg2 O-O 12. Re1 Ng4 13. Qe2 Qb6 14. Nd2 Nh6
15. f4 Qa5 16. Nc4 Qa6 17. a4 Rfb8 18. Bd2 Nb6 19. Nxb6 Qxe2+ 20. Rxe2 Rxb6 21.
Bc1 Rb3 22. e5 Nf5 23. Ra3 Nd4 24. Re4 f5 25. exf6 Bxf6 26. Rxb3 Nxb3 27. Be3
Kf7 28. Kf1 Na1 29. Ke2 Nc2 30. Kd2 Nb4 31. b3 Ra5 32. Nb5 Nxd5 33. Bf2 Ra6 34.
Be1 e6 35. Kc2 Bd8 36. Re2 Nf6 37. Bc3 d5 38. Bxf6 Kxf6 39. Kd3 c4+ 1/2-1/2

[Event "XXIII Coppa Autunno"]
[Site "Ivrea ITA"]
[Date "2012.11.08"]
[Round "6"]
[White "Puzzangara, Elisa"]
[Black "Papalini, Claudio"]
[WhiteElo "1425"]
[BlackElo "1608"]
[Result "0-1"]
[PlyCount "96"]
[EventDate "2012.09.27"]

1. e4 e6 2. Nc3 d5 3. exd5 exd5 4. Nf3 Nf6 5. Bb5+ c6 6. Be2 Bd6 7. d3 O-O 8.
Bg5 Bg4 9. O-O Nbd7 10. h3 Bxf3 11. Bxf3 Qc7 12. g3 h6 13. Bh4 g5 14. Bxg5 hxg5
15. Ne2 Ne5 16. Bg2 Ng6 17. Re1 Rfe8 18. Qc1 Nh7 19. Qd2 Qd7 20. h4 gxh4 21.
gxh4 Nxh4 22. Ng3 Nxg2 23. Kxg2 Bxg3 24. fxg3 Rxe1 25. Rxe1 Re8 26. Rh1 Qe6 27.
Re1 Qxe1 28. Qxe1 Rxe1 29. c3 Re2+ 30. Kf3 Rxb2 31. a3 Rb3 32. a4 Rxc3 33. Ke3
Nf6 34. Kd4 Ra3 35. Ke5 Kg7 36. Kd6 Ne8+ 37. Kd7 Kf8 38. Kc8 b5 39. Kb7 Rxa4
40. Kxc6 b4 41. Kb5 b3 42. Kxa4 b2 43. Kb5 b1=Q+ 44. Kc6 Qxd3 45. g4 Ke7 46.
Kb7 Kd7 47. Kxa7 Kc7 48. g5 Qa3# 0-1